[Event "FICGS class C 000311 email"]
[Site "FICGS email"]
[Date "2023.05.30"]
[Round "1"]
[White "Vollmer, Steve"]
[Black "Voudouris, Nick"]
[Result "0-1"]
[WhiteElo "1730"]
[BlackElo "2008"]
[PlyCount "62"]
[EventDate "2023.??.??"]
[EventType "tourn (corr)"]
[EventRounds "4"]
[SourceTitle "Corr 2024"]
[Source "ChessBase"]
[SourceDate "2023.10.19"]
[SourceVersion "1"]
[SourceVersionDate "2023.10.19"]
[SourceQuality "1"]

1. e4 Nf6 2. e5 Nd5 3. c4 Nb6 4. d4 d6 5. exd6 exd6 6. Nc3 Nc6 7. Be3 Be7 8. Bd3 0-0 9. Nge2 Nb4 10. 0-0 Nxd3 11. Qxd3 d5 12. b3 c6 13. c5 Nd7 14. Ng3 b6 15. cxb6 axb6 16. Rfc1 Ba3 17. Rd1 Re8 18. Nf5 Nf8 19. Bc1 g6 20. Ne3 Bd6 21. g3 Ne6 22. f4 Nxd4 23. Qxd4 Bc5 24. Qd3 Bf5 25. Qf1 Qf6 26. Bb2 Bxe3+ 27. Kg2 d4 28. Ne2 Be4+ 29. Kh3 g5 30. fxg5 Qxg5 31. g4 f5 0-1

[Event "FICGS class C 000311 email"]
[Site "FICGS email"]
[Date "2023.05.30"]
[Round "1"]
[White "Voudouris, Nick"]
[Black "Pintor, Manuel"]
[Result "1-0"]
[WhiteElo "2008"]
[BlackElo "1786"]
[PlyCount "63"]
[EventDate "2023.??.??"]
[EventType "tourn (corr)"]
[EventRounds "4"]
[SourceTitle "Corr 2024"]
[Source "ChessBase"]
[SourceDate "2023.10.19"]
[SourceVersion "1"]
[SourceVersionDate "2023.10.19"]
[SourceQuality "1"]

1. d4 d5 2. e3 c6 3. f4 Bf5 4. Bd3 Bxd3 5. Qxd3 Nf6 6. Nd2 e6 7. Ngf3 Nbd7 8. 0-0 Bd6 9. Ne5 c5 10. b3 0-0 11. Bb2 a6 12. c4 dxc4 13. Ndxc4 Bxe5 14. fxe5 Nd5 15. e4 Nb4 16. Qd2 Nc6 17. d5 exd5 18. exd5 Ncxe5 19. Nxe5 Nxe5 20. Bxe5 Qb6 21. d6 Rad8 22. Qg5 f6 23. Rxf6 Rxf6 24. Bxf6 Rd7 25. Qd5+ Kf8 26. Be7+ Rxe7 27. dxe7+ Kxe7 28. Re1+ Kf6 29. Qf3+ Kg6 30. Re5 c4+ 31. Kh1 h6 32. Qf5# 1-0

[Event "FICGS class A 000268 email"]
[Site "FICGS email"]
[Date "2023.05.08"]
[Round "1"]
[White "Voudouris, Nick"]
[Black "Swiatek, Janusz"]
[Result "0-1"]
[WhiteElo "2008"]
[BlackElo "2209"]
[PlyCount "22"]
[EventDate "2023.??.??"]
[EventType "tourn (corr)"]
[EventRounds "6"]
[SourceTitle "Corr 2024"]
[Source "ChessBase"]
[SourceDate "2023.10.19"]
[SourceVersion "1"]
[SourceVersionDate "2023.10.19"]
[SourceQuality "1"]

1. d4 Nf6 2. f4 d5 3. e3 Bf5 4. Bd3 e6 5. Nf3 Be7 6. 0-0 0-0 7. Qe2 c5 8. c3 Nc6 9. b3 Qc7 10. Ne5 Nxe5 11. Nd2 Bxd3 0-1

[Event "FICGS class C 000367 email"]
[Site "FICGS email"]
[Date "2023.04.27"]
[Round "1"]
[White "Trigance, Emile"]
[Black "Voudouris, Nick"]
[Result "0-1"]
[WhiteElo "1857"]
[BlackElo "1967"]
[PlyCount "56"]
[EventDate "2023.??.??"]
[EventType "tourn (corr)"]
[EventRounds "1"]
[SourceTitle "Corr 2024"]
[Source "ChessBase"]
[SourceDate "2023.10.19"]
[SourceVersion "1"]
[SourceVersionDate "2023.10.19"]
[SourceQuality "1"]

1. c4 f5 2. Nf3 e6 3. g3 d5 4. Bg2 c6 5. cxd5 exd5 6. d3 Nf6 7. 0-0 Bd6 8. b3 Qe7 9. Bb2 0-0 10. Nbd2 f4 11. Ne1 Bf5 12. Nc2 Nbd7 13. e4 fxe3 14. Nxe3 Bxd3 15. Re1 Be5 16. Ng4 Nxg4 17. Qxg4 Rxf2 18. Bxe5 Nxe5 19. Qd4 Rxd2 20. Rxe5 Qf6 21. Rae1 Rf8 22. Qe3 Rxa2 23. Re8 h6 24. Rxf8+ Qxf8 25. Bf1 Be4 26. Re2 Ra1 27. Re1 Rxe1 28. Qxe1 Qf3 0-1

[Event "FICGS class C 000361 email"]
[Site "FICGS email"]
[Date "2022.09.26"]
[Round "1"]
[White "Domingo, Jordi"]
[Black "Voudouris, Nick"]
[Result "1/2-1/2"]
[WhiteElo "1962"]
[BlackElo "1966"]
[PlyCount "85"]
[EventDate "2022.??.??"]
[EventType "tourn (corr)"]
[EventRounds "1"]
[SourceTitle "Corr 2024"]
[Source "ChessBase"]
[SourceDate "2023.10.19"]
[SourceVersion "1"]
[SourceVersionDate "2023.10.19"]
[SourceQuality "1"]

1. g4 d5 2. Bg2 c6 3. h3 h5 4. g5 Bf5 5. Nf3 e6 6. d4 Nd7 7. Nc3 h4 8. 0-0 Ne7 9. Re1 Ng6 10. e4 dxe4 11. Nxe4 Qc7 12. d5 Bxe4 13. dxe6 0-0-0 14. Rxe4 Nc5 15. Rd4 Nxe6 16. Rxd8+ Qxd8 17. Qxd8+ Kxd8 18. Bf1 Bd6 19. Be3 Kc7 20. Re1 Ngf4 21. Bd2 g6 22. Re4 c5 23. a3 Kc6 24. Be3 Bc7 25. Bxf4 Nxf4 26. Re7 Rd8 27. Bb5+ Kb6 28. Bd7 Rf8 29. Bg4 Bd6 30. Re3 Rh8 31. Ne5 Bxe5 32. Rxe5 f5 33. gxf6 Rf8 34. Re7 Rxf6 35. Rh7 g5 36. Kf1 Rd6 37. Ke1 c4 38. Rg7 Rd5 39. Bc8 Re5+ 40. Kd1 Rd5+ 41. Ke1 Re5+ 42. Kd1 Rd5+ 43. Ke1 1/2-1/2

[Event "FICGS class C 000305 email"]
[Site "FICGS email"]
[Date "2022.09.08"]
[Round "1"]
[White "Autobello, Giovanni"]
[Black "Voudouris, Nick"]
[Result "0-1"]
[WhiteElo "1659"]
[BlackElo "1966"]
[PlyCount "56"]
[EventDate "2022.??.??"]
[EventType "tourn (corr)"]
[EventRounds "4"]
[SourceTitle "Corr 2024"]
[Source "ChessBase"]
[SourceDate "2023.10.19"]
[SourceVersion "1"]
[SourceVersionDate "2023.10.19"]
[SourceQuality "1"]

1. d4 d5 2. c4 e6 3. Nf3 c6 4. Nc3 f5 5. g3 Bd6 6. Bg2 Nf6 7. 0-0 0-0 8. e3 b6 9. cxd5 exd5 10. Re1 Nbd7 11. Qc2 Ne4 12. a4 Bb7 13. b3 Rc8 14. Ba3 Bxa3 15. Rxa3 c5 16. dxc5 bxc5 17. Nb5 a6 18. Nc3 Qf6 19. Rd1 Nxc3 20. Rd3 d4 21. exd4 cxd4 22. Qb2 Bxf3 23. Rxf3 Ne5 24. Rf4 d3 25. b4 Ne2+ 26. Kf1 Rc1+ 27. Qxc1 Nxc1 28. Bd5+ Kh8 0-1

[Event "FICGS class C 000305 email"]
[Site "FICGS email"]
[Date "2022.09.08"]
[Round "1"]
[White "Pintor, Manuel"]
[Black "Voudouris, Nick"]
[Result "0-1"]
[WhiteElo "1693"]
[BlackElo "1966"]
[PlyCount "46"]
[EventDate "2022.??.??"]
[EventType "tourn (corr)"]
[EventRounds "4"]
[SourceTitle "Corr 2024"]
[Source "ChessBase"]
[SourceDate "2023.10.19"]
[SourceVersion "1"]
[SourceVersionDate "2023.10.19"]
[SourceQuality "1"]

1. e4 Nf6 2. Nc3 e5 3. f4 d5 4. exd5 Nxd5 5. Nxd5 Qxd5 6. fxe5 Nc6 7. Nf3 Bg4 8. c4 Qe6 9. d4 Bxf3 10. gxf3 0-0-0 11. Be3 Bb4+ 12. Kf2 Bc5 13. h4 Kb8 14. Qe2 Nxd4 15. Bxd4 Rxd4 16. Kg2 Qg6+ 17. Kh3 Rhd8 18. Rh2 Rxh4+ 19. Kxh4 Rd4+ 20. Kh3 Qf5+ 21. Kg2 Qg5+ 22. Kh1 Qg1+ 23. Kxg1 Rg4+ 0-1

[Event "FICGS class C 000358 email"]
[Site "FICGS email"]
[Date "2022.07.23"]
[Round "1"]
[White "Trigance, Emile"]
[Black "Voudouris, Nick"]
[Result "0-1"]
[WhiteElo "1806"]
[BlackElo "1978"]
[PlyCount "44"]
[EventDate "2022.??.??"]
[EventType "tourn (corr)"]
[EventRounds "1"]
[SourceTitle "Corr 2024"]
[Source "ChessBase"]
[SourceDate "2023.10.19"]
[SourceVersion "1"]
[SourceVersionDate "2023.10.19"]
[SourceQuality "1"]

1. d4 d5 2. c4 e6 3. Nc3 f5 4. e3 Nf6 5. Nf3 c6 6. Be2 Bd6 7. c5 Bc7 8. b4 0-0 9. 0-0 Nbd7 10. a4 e5 11. Re1 e4 12. Nd2 Ng4 13. g3 h5 14. h3 Nxe3 15. fxe3 Qg5 16. Bg4 Bxg3 17. Rf1 hxg4 18. hxg4 Nf6 19. Nf3 exf3 20. Qxf3 Bh2+ 21. Kxh2 Nxg4+ 22. Kh1 Qh4+ 0-1

[Event "FICGS class C 000358 email"]
[Site "FICGS email"]
[Date "2022.07.23"]
[Round "1"]
[White "Voudouris, Nick"]
[Black "Schleef, Harald"]
[Result "1/2-1/2"]
[WhiteElo "1978"]
[BlackElo "2016"]
[PlyCount "133"]
[EventDate "2022.??.??"]
[EventType "tourn (corr)"]
[EventRounds "1"]
[SourceTitle "Corr 2024"]
[Source "ChessBase"]
[SourceDate "2023.10.19"]
[SourceVersion "1"]
[SourceVersionDate "2023.10.19"]
[SourceQuality "1"]

1. d4 Nf6 2. b4 d5 3. a4 e6 4. Ba3 a5 5. b5 Bxa3 6. Rxa3 c5 7. bxc6 bxc6 8. e3 Qe7 9. Rb3 0-0 10. Be2 c5 11. Nc3 c4 12. Rb1 Bd7 13. Ra1 Nc6 14. Nf3 Rfb8 15. 0-0 Be8 16. Ne5 Rb4 17. f4 Qc7 18. Ng4 Nxg4 19. Bxg4 f5 20. Bf3 Rab8 21. Qe2 Ne7 22. g4 Rb2 23. h3 h6 24. Nd1 Rb1 25. Nc3 Rxa1 26. Rxa1 Rb2 27. Nd1 Rb4 28. Nc3 Qb8 29. Qd2 Kh7 30. Bd1 Rb2 31. Nb5 Bxb5 32. axb5 Rxb5 33. Rxa5 Rb1 34. Ra6 Qc8 35. Ra7 Nc6 36. Ra4 Qb7 37. Kf2 Ne7 38. Ra2 Qb5 39. Qe2 Rc1 40. c3 Rxc3 41. Bc2 Qb4 42. Qd2 Kg8 43. Bd1 fxg4 44. hxg4 h5 45. g5 h4 46. Ra4 Qb1 47. Ra8+ Kh7 48. Qe2 Qg6 49. Ra2 Nf5 50. Bc2 Qe8 51. Qd2 Rxc2 52. Qxc2 h3 53. Qe2 h2 54. Qf3 Kg6 55. Qh3 Qb5 56. Re2 c3 57. Qxh2 Qc4 58. Qh8 c2 59. Qe8+ Kh7 60. Qh5+ Nh6 61. Qe8 Ng4+ 62. Kg3 Qxe2 63. Qh5+ Nh6 64. Qxe2 c1Q 65. gxh6 Qg1+ 66. Kf3 Kxh6 67. Qg2 1/2-1/2

[Event "SC-2022-0-00417"]
[Site "LSS email"]
[Date "2022.07.15"]
[Round "?"]
[White "Voudouris, Nick"]
[Black "Stelmes, Santana"]
[Result "0-1"]
[WhiteElo "1648"]
[BlackElo "1741"]
[PlyCount "82"]
[EventDate "2021.12.04"]
[EventType "tourn (corr)"]
[EventRounds "6"]
[EventCountry "GER"]
[SourceTitle "Corr 2024"]
[Source "ChessBase"]
[SourceDate "2023.10.19"]
[SourceVersion "1"]
[SourceVersionDate "2023.10.19"]
[SourceQuality "1"]

1. d4 Nf6 2. f4 d5 3. e3 c5 4. c3 Bg4 5. Nf3 e6 6. Bd3 Bd6 7. 0-0 0-0 8. Qe1 Bf5 9. Qe2 Nc6 10. Ne5 Qb6 11. Kh1 Ne7 12. Nd2 Rac8 13. a4 Bxd3 14. Qxd3 Qc7 15. Qe2 b6 16. a5 Rb8 17. a6 Rfc8 18. g4 b5 19. Qf3 Ng6 20. Rf2 Be7 21. Nxg6 hxg6 22. f5 gxf5 23. gxf5 Qd7 24. e4 cxd4 25. cxd4 dxe4 26. Nxe4 exf5 27. Nxf6+ Bxf6 28. Qxf5 Qxf5 29. Rxf5 Bxd4 30. Rd5 Rd8 31. Rxd8+ Rxd8 32. Bf4 Bxb2 33. Rb1 Bd4 34. Rxb5 Bb6 35. Rb1 Rd5 36. Ra1 g5 37. Bg3 Kh7 38. Ra2 Rd1+ 39. Kg2 Rg1+ 40. Kf3 f5 41. h3 Kg6 0-1

[Event "OP-2022-0-05281"]
[Site "LSS email"]
[Date "2022.04.21"]
[Round "?"]
[White "Voudouris, Nick"]
[Black "Utrera, Leif"]
[Result "0-1"]
[WhiteElo "1644"]
[BlackElo "2347"]
[PlyCount "80"]
[EventDate "2022.04.11"]
[EventType "tourn (corr)"]
[EventRounds "4"]
[EventCountry "GER"]
[SourceTitle "Corr 2024"]
[Source "ChessBase"]
[SourceDate "2023.10.19"]
[SourceVersion "1"]
[SourceVersionDate "2023.10.19"]
[SourceQuality "1"]

1. d4 d5 2. e3 Nf6 3. f4 Bf5 4. Bd3 e6 5. Nf3 Be7 6. Qe2 0-0 7. 0-0 c5 8. b3 Nc6 9. Bb2 Rc8 10. Nbd2 Qb6 11. c4 Bxd3 12. Qxd3 Rfd8 13. Rad1 Qa6 14. a3 dxc4 15. bxc4 Rc7 16. Kh1 Bf8 17. Ne5 h6 18. Rc1 Qb6 19. Rb1 Qa6 20. Rf3 Ne7 21. Bc3 h5 22. a4 cxd4 23. exd4 Nf5 24. a5 Bc5 25. d5 Nh6 26. Ne4 Nxe4 27. Qxe4 exd5 28. cxd5 f6 29. Nd3 Bf8 30. Nf2 Re7 31. Qd3 Red7 32. Rb5 Ng4 33. Nh3 Qe6 34. Bd4 Rxd5 35. Qb3 a6 36. Rxb7 Kh7 37. Rf1 Qe2 38. Qb1+ Kh6 39. Rb2 Qxf1+ 40. Qxf1 Rxd4 0-1

[Event "LSS No Engine Cup 213 Final"]
[Site "LSS email"]
[Date "2021.09.07"]
[Round "?"]
[White "Mcdaniel, Curtis"]
[Black "Voudouris, Nick"]
[Result "1-0"]
[WhiteElo "2136"]
[BlackElo "1839"]
[PlyCount "51"]
[EventDate "2021.09.07"]
[EventType "tourn (corr)"]
[EventRounds "6"]
[EventCountry "GER"]
[SourceTitle "Corr 2024"]
[Source "ChessBase"]
[SourceDate "2023.10.19"]
[SourceVersion "1"]
[SourceVersionDate "2023.10.19"]
[SourceQuality "1"]

1. e4 Nf6 2. e5 Nd5 3. d4 d6 4. c4 Nb6 5. exd6 exd6 6. Nc3 Nc6 7. h3 Be7 8. Nf3 0-0 9. Bd3 Bf6 10. 0-0 Re8 11. Bf4 g6 12. Be2 Bf5 13. g4 Bd7 14. a4 h5 15. gxh5 Bxh3 16. a5 Nd7 17. hxg6 fxg6 18. Re1 Bg4 19. Ra3 Nf8 20. Nd5 Bg7 21. Re3 Rxe3 22. fxe3 Ne6 23. Bg3 Nxa5 24. Qc2 Bf5 25. Bd3 Ng5 26. Rf1 1-0

[Event "LSS No Engine Cup 213 Final"]
[Site "LSS email"]
[Date "2021.09.07"]
[Round "?"]
[White "Voudouris, Nick"]
[Black "Aberbach Peltzman, Angel"]
[Result "0-1"]
[WhiteElo "1839"]
[BlackElo "1930"]
[PlyCount "60"]
[EventDate "2021.09.07"]
[EventType "tourn (corr)"]
[EventRounds "6"]
[EventCountry "GER"]
[SourceTitle "Corr 2024"]
[Source "ChessBase"]
[SourceDate "2023.10.19"]
[SourceVersion "1"]
[SourceVersionDate "2023.10.19"]
[SourceQuality "1"]

1. d4 f5 2. h3 d5 3. g4 Nf6 4. Qd3 c5 5. Nf3 Nc6 6. c3 e6 7. Rg1 c4 8. Qe3 f4 9. Qxf4 Bd6 10. Qd2 0-0 11. Qc2 b5 12. Nbd2 Qe7 13. Bg2 Bd7 14. Bh1 b4 15. g5 Nh5 16. Nf1 Rab8 17. g6 h6 18. Be3 Be8 19. h4 a5 20. N1h2 a4 21. Ng4 a3 22. Rb1 b3 23. axb3 cxb3 24. Qc1 a2 25. Ra1 Nf6 26. Nd2 Nxg4 27. Rxg4 Na5 28. Bg2 Rf6 29. h5 Rf5 30. f4 Rxh5 0-1

[Event "LSS No Engine Cup 213 Final"]
[Site "LSS email"]
[Date "2021.09.07"]
[Round "?"]
[White "Voudouris, Nick"]
[Black "Sheers, Matthew"]
[Result "0-1"]
[WhiteElo "1839"]
[BlackElo "2278"]
[PlyCount "109"]
[EventDate "2021.09.07"]
[EventType "tourn (corr)"]
[EventRounds "6"]
[EventCountry "GER"]
[SourceTitle "Corr 2024"]
[Source "ChessBase"]
[SourceDate "2023.10.19"]
[SourceVersion "1"]
[SourceVersionDate "2023.10.19"]
[SourceQuality "1"]

1. d4 d5 2. e3 Nf6 3. Bd3 c5 4. c3 Nc6 5. f4 Bg4 6. Nf3 e6 7. 0-0 Bd6 8. Qe1 Bf5 9. Qe2 Qb6 10. Kh1 Bxd3 11. Qxd3 a5 12. a4 0-0 13. Ne5 Ne7 14. Nd2 Rfc8 15. Qe2 Qa6 16. Re1 Ne4 17. Nxe4 dxe4 18. Qh5 g6 19. Qh4 Rc7 20. Rd1 cxd4 21. exd4 Nd5 22. Re1 f6 23. Ng4 Rf8 24. Kg1 h5 25. Rxe4 hxg4 26. Qxg4 Qc6 27. Rxe6 Rg7 28. Re1 f5 29. Qf3 Nf6 30. Qxc6 bxc6 31. Re2 Rb8 32. Kf1 Rh7 33. g3 Ng4 34. h4 Rd7 35. Kg2 c5 36. Rd2 Re7 37. dxc5 Bxc5 38. b4 axb4 39. cxb4 Bxb4 40. Rc2 Ba5 41. h5 Re1 42. Raa2 Rb1 43. Rc8+ Kf7 44. Rac2 Bb6 45. hxg6+ Kxg6 46. R2c6+ Kf7 47. Rc2 Rexc1 48. Rxc1 Rb2+ 49. R1c2 Rxc2+ 50. Rxc2 Ne3+ 51. Kh3 Nxc2 52. g4 Nd4 53. Kh4 Kg6 54. Kg3 Ba5 55. gxf5+ 0-1

[Event "LSS No Engine Cup 216 Preliminary 0"]
[Site "LSS email"]
[Date "2021.04.11"]
[Round "?"]
[White "Kulczycki, Michael"]
[Black "Voudouris, Nick"]
[Result "1-0"]
[WhiteElo "2104"]
[BlackElo "1834"]
[PlyCount "85"]
[EventDate "2021.04.11"]
[EventType "tourn (corr)"]
[EventRounds "6"]
[EventCountry "GER"]
[SourceTitle "Corr 2024"]
[Source "ChessBase"]
[SourceDate "2023.10.19"]
[SourceVersion "1"]
[SourceVersionDate "2023.10.19"]
[SourceQuality "1"]

1. d4 d5 2. c4 e6 3. Nf3 c6 4. Nc3 f5 5. Bf4 Bd6 6. e3 Nf6 7. Qc2 Ne4 8. Be2 0-0 9. 0-0 Qe7 10. c5 Bc7 11. Nxe4 fxe4 12. Ne5 b6 13. b4 Qe8 14. cxb6 axb6 15. a4 Bb7 16. b5 Bd6 17. Bg3 Bxe5 18. Bxe5 Qe7 19. Bxb8 Raxb8 20. bxc6 Rfc8 21. Bb5 Qd6 22. Rfc1 Rc7 23. Rab1 Ba8 24. Rb3 Rbc8 25. Rc3 Rd8 26. Qa2 Qe7 27. a5 bxa5 28. Qxa5 Rb8 29. Rc5 Qd8 30. h3 h6 31. Qa2 Qe7 32. Qe2 Rb6 33. Qg4 Rb8 34. Ra1 Rf8 35. Qg3 Kh7 36. Ra6 h5 37. Be2 g6 38. h4 Rfc8 39. Bb5 Rf8 40. f3 exf3 41. gxf3 Rfc8 42. Bd3 Qg7 43. Qg5 1-0

[Event "LSS No Engine Cup 216 Preliminary 0"]
[Site "LSS email"]
[Date "2021.04.11"]
[Round "?"]
[White "Voudouris, Nick"]
[Black "Molina, Vicente Andres"]
[Result "1-0"]
[WhiteElo "1834"]
[BlackElo "999"]
[PlyCount "29"]
[EventDate "2021.04.11"]
[EventType "tourn (corr)"]
[EventRounds "6"]
[EventCountry "GER"]
[SourceTitle "Corr 2024"]
[Source "ChessBase"]
[SourceDate "2023.10.19"]
[SourceVersion "1"]
[SourceVersionDate "2023.10.19"]
[SourceQuality "1"]

1. d4 c6 2. e3 d5 3. Bd3 Nd7 4. f4 Ngf6 5. Nd2 e6 6. Ngf3 Bd6 7. Ne5 Bxe5 8. fxe5 Ne4 9. Bxe4 dxe4 10. Qh5 Qa5 11. 0-0 0-0 12. Nxe4 Qd5 13. Nd6 c5 14. Rxf7 Nf6 15. Rxf8+ 1-0

[Event "LSS No Engine Cup 215 Preliminary 0"]
[Site "LSS email"]
[Date "2021.03.13"]
[Round "?"]
[White "Voudouris, Nick"]
[Black "Schleef, Harald"]
[Result "0-1"]
[WhiteElo "1829"]
[BlackElo "2369"]
[PlyCount "80"]
[EventDate "2021.03.13"]
[EventType "tourn (corr)"]
[EventRounds "6"]
[EventCountry "GER"]
[SourceTitle "Corr 2024"]
[Source "ChessBase"]
[SourceDate "2023.10.19"]
[SourceVersion "1"]
[SourceVersionDate "2023.10.19"]
[SourceQuality "1"]

1. d4 d5 2. e3 c5 3. c3 Nf6 4. Bd3 Nc6 5. f4 Bg4 6. Nf3 e6 7. 0-0 Bd6 8. Qe1 Bf5 9. Qe2 0-0 10. Ne5 Rc8 11. Nd2 Qc7 12. Ndf3 Ne7 13. a4 a6 14. Bd2 c4 15. Bb1 b5 16. axb5 axb5 17. Ra6 Be4 18. Bxe4 dxe4 19. Ng5 h6 20. Ngxf7 Rxf7 21. Nxf7 Kxf7 22. Rfa1 g5 23. g3 Rb8 24. Ra7 Qc6 25. fxg5 hxg5 26. Be1 g4 27. Bf2 Kg6 28. Kf1 Nf5 29. Ke1 Nh6 30. Kd1 Nf7 31. Kc2 Ng5 32. Qf1 Qd5 33. R1a6 b4 34. Ra1 bxc3 35. bxc3 Qf5 36. R7a6 Be7 37. Qe2 Nd5 38. Be1 Nf3 39. R1a5 Nxe1+ 40. Qxe1 Qf3 0-1

[Event "LSS No Engine Cup 215 Preliminary 0"]
[Site "LSS email"]
[Date "2021.03.13"]
[Round "?"]
[White "Voudouris, Nick"]
[Black "Wuttke, Bodo"]
[Result "0-1"]
[WhiteElo "1829"]
[BlackElo "2117"]
[PlyCount "92"]
[EventDate "2021.03.13"]
[EventType "tourn (corr)"]
[EventRounds "6"]
[EventCountry "GER"]
[SourceTitle "Corr 2024"]
[Source "ChessBase"]
[SourceDate "2023.10.19"]
[SourceVersion "1"]
[SourceVersionDate "2023.10.19"]
[SourceQuality "1"]

1. d4 Nf6 2. f4 d5 3. e3 Bg4 4. Nf3 e6 5. Bd3 c5 6. c3 Bd6 7. 0-0 0-0 8. Qe1 Nc6 9. Ne5 Bf5 10. Qe2 Qb6 11. Kh1 Ne7 12. Nd2 Rac8 13. a4 Bxd3 14. Qxd3 Qc7 15. Qe2 Rfd8 16. Ndf3 Ne4 17. Nd2 f6 18. Nef3 c4 19. a5 Qc6 20. Qd1 b5 21. axb6 axb6 22. Kg1 b5 23. Nh4 g6 24. Qg4 Bc7 25. Ra7 Qb6 26. Nxe4 dxe4 27. Ra1 Ra8 28. Bd2 Ra4 29. Rfb1 Rda8 30. Qd1 Rxa1 31. Rxa1 Rxa1 32. Qxa1 g5 33. fxg5 fxg5 34. Qa8+ Kg7 35. Qxe4 gxh4 36. Qxh4 Ng6 37. Qg4 Qa6 38. Qd1 Qa2 39. Qc1 Qa8 40. Qb1 e5 41. Be1 exd4 42. cxd4 Bd6 43. Bf2 Qa4 44. h4 b4 45. Be1 c3 46. Qc1 Qa2 0-1

[Event "FICGS class C 000338 email"]
[Site "FICGS email"]
[Date "2021.02.27"]
[Round "1"]
[White "Vollmer, Steve"]
[Black "Voudouris, Nick"]
[Result "0-1"]
[WhiteElo "1802"]
[BlackElo "1977"]
[PlyCount "70"]
[EventDate "2021.??.??"]
[EventType "tourn (corr)"]
[EventRounds "1"]
[SourceTitle "Corr 2022"]
[Source "ChessBase"]
[SourceDate "2021.10.24"]
[SourceVersion "1"]
[SourceVersionDate "2021.10.24"]
[SourceQuality "1"]

1. Nf3 d5 2. d4 e6 3. g3 f5 4. Bg2 Bd6 5. Nc3 c6 6. 0-0 Nf6 7. Bg5 0-0 8. Ne5 Qe8 9. h3 Nbd7 10. Bf4 Ne4 11. Qd3 g5 12. Nxd7 Qxd7 13. Bxd6 Nxd6 14. b3 Qg7 15. f4 gxf4 16. Rxf4 e5 17. dxe5 Qxe5 18. Raf1 Be6 19. Qd4 Qxd4+ 20. Rxd4 Ne4 21. Nxe4 fxe4 22. Rdd1 Kg7 23. Rf2 Rxf2 24. Kxf2 Kf6 25. Rg1 Rf8 26. Ke3 Ke5 27. c4 d4+ 28. Kd2 Rf2 29. Ke1 e3 30. g4 b5 31. cxb5 d3 32. exd3 Rxa2 33. Bf1 cxb5 34. g5 Bd5 35. Rg3 Kf4 0-1

[Event "LSS No Engine Cup 207 Preliminary 0"]
[Site "LSS email"]
[Date "2020.09.16"]
[Round "?"]
[White "Henke, Simon"]
[Black "Voudouris, Nick"]
[Result "1/2-1/2"]
[WhiteElo "2052"]
[BlackElo "1776"]
[PlyCount "74"]
[EventDate "2020.09.16"]
[EventType "tourn (corr)"]
[EventRounds "6"]
[EventCountry "GER"]
[SourceTitle "Corr 2022"]
[Source "ChessBase"]
[SourceDate "2021.10.24"]
[SourceVersion "1"]
[SourceVersionDate "2021.10.24"]
[SourceQuality "1"]

1. e4 Nf6 2. d3 e5 3. Nf3 Nc6 4. Be2 d5 5. Nbd2 g6 6. 0-0 Bg7 7. exd5 Nxd5 8. Re1 0-0 9. Bf1 h6 10. Nc4 Re8 11. a4 a5 12. h3 f5 13. b3 Ndb4 14. Bb2 e4 15. Bxg7 Kxg7 16. Nfd2 exd3 17. Rxe8 Qxe8 18. c3 Nd5 19. Nf3 Nxc3 20. Qxd3 Ne4 21. Ncd2 Nxd2 22. Qxd2 Qd8 23. Qc2 Be6 24. Rd1 Bd5 25. Qc5 Nb4 26. Nd4 Qd6 27. Qc3 Kh7 28. Nb5 Qc6 29. Qe5 Rf8 30. Nxc7 Bxb3 31. Bb5 Qe4 32. Rd7+ Rf7 33. Rxf7+ Bxf7 34. Qf6 Kg8 35. Be8 Qc4 36. Bxf7+ Qxf7 37. Qb6 Qg7 1/2-1/2

[Event "LSS No Engine Cup 207 Preliminary 0"]
[Site "LSS email"]
[Date "2020.09.16"]
[Round "?"]
[White "Shim Ng Min, Francis"]
[Black "Voudouris, Nick"]
[Result "0-1"]
[WhiteElo "1547"]
[BlackElo "1776"]
[PlyCount "44"]
[EventDate "2020.09.16"]
[EventType "tourn (corr)"]
[EventRounds "6"]
[EventCountry "GER"]
[SourceTitle "Corr 2022"]
[Source "ChessBase"]
[SourceDate "2021.10.24"]
[SourceVersion "1"]
[SourceVersionDate "2021.10.24"]
[SourceQuality "1"]

1. e4 Nf6 2. e5 Nd5 3. d4 d6 4. Nf3 dxe5 5. Nxe5 c6 6. Bd3 Nd7 7. 0-0 Nxe5 8. dxe5 Nb4 9. Be4 Qxd1 10. Rxd1 g6 11. a3 Na6 12. Be3 Nc7 13. Nc3 Bg7 14. f4 0-0 15. h3 f6 16. exf6 Bxf6 17. Rd3 Ne8 18. Nd1 Nd6 19. Bf3 Nc4 20. Bc1 Bf5 21. Rb3 Bxc2 22. Rxb7 Na5 0-1

[Event "RD-2020-0-00161"]
[Site "LSS email"]
[Date "2020.04.02"]
[Round "?"]
[White "Vio, Mauro"]
[Black "Voudouris, Nick"]
[Result "0-1"]
[WhiteElo "1459"]
[BlackElo "1580"]
[PlyCount "102"]
[EventDate "2019.10.05"]
[EventType "tourn (corr)"]
[EventRounds "6"]
[EventCountry "GER"]
[SourceTitle "Corr 2022"]
[Source "ChessBase"]
[SourceDate "2021.10.24"]
[SourceVersion "1"]
[SourceVersionDate "2021.10.24"]
[SourceQuality "1"]

1. e4 Nf6 2. e5 Nd5 3. Nc3 Nxc3 4. dxc3 Nc6 5. Bf4 d6 6. Nf3 dxe5 7. Qxd8+ Nxd8 8. Bxe5 c6 9. 0-0-0 f6 10. Bg3 e5 11. Bc4 Be7 12. Rd2 b5 13. Bb3 Nb7 14. Re1 Na5 15. Ng1 Nxb3+ 16. cxb3 g5 17. h4 h6 18. f3 a5 19. Bf2 Be6 20. hxg5 hxg5 21. Ne2 Kf7 22. Ng3 a4 23. bxa4 Rxa4 24. b3 Raa8 25. Rde2 c5 26. Kb2 Ra6 27. Be3 Rha8 28. Kb1 f5 29. Bf2 c4 30. b4 Bf6 31. Rd1 e4 32. fxe4 f4 33. Nf5 Bxc3 34. Nd6+ Kg6 35. Nxb5 Be5 36. Bd4 Bg4 37. Rf2 Bxd1 38. Bxe5 Rb6 39. Nc7 Rd8 40. Nd5 Re6 41. Rd2 Rxe5 42. Rxd1 Kg7 43. Rd4 g4 44. Rxc4 f3 45. gxf3 gxf3 46. Ne3 f2 47. Kc2 Ra8 48. Kb3 Rf8 49. Nf1 Rf4 50. Nd2 Rexe4 51. Rxe4 Rxe4 0-1

[Event "FICGS class C 000279 email"]
[Site "FICGS email"]
[Date "2020.03.28"]
[Round "1"]
[White "Vollmer, Steve"]
[Black "Voudouris, Nick"]
[Result "0-1"]
[WhiteElo "1676"]
[BlackElo "1954"]
[PlyCount "54"]
[EventDate "2020.??.??"]
[EventType "tourn (corr)"]
[EventRounds "4"]
[SourceTitle "Corr 2022"]
[Source "ChessBase"]
[SourceDate "2021.10.24"]
[SourceVersion "1"]
[SourceVersionDate "2021.10.24"]
[SourceQuality "1"]

1. d4 d5 2. c4 e6 3. Nc3 f5 4. Nf3 c6 5. e3 Bd6 6. Bd3 Nf6 7. Qc2 Ne4 8. Bd2 0-0 9. g3 Nd7 10. Ke2 b6 11. Raf1 Bb7 12. Rhg1 c5 13. cxd5 exd5 14. Kd1 Rc8 15. h4 Qe7 16. Qa4 c4 17. Be2 Bc6 18. Qc2 b5 19. Ng5 Nxg5 20. hxg5 b4 21. Na4 Qd8 22. b3 Bb5 23. Rh1 Qa5 24. Nc5 Bxc5 25. dxc5 Nxc5 26. Bg4 cxb3 27. axb3 Nxb3 0-1